[Event "Tabor op"]
[Site "Tabor"]
[Date "2012.08.04"]
[Round "8"]
[White "Sarmir, Milos"]
[Black "Milostny, Milos"]
[Result "1/2-1/2"]
[WhiteElo "2085"]
[BlackElo "1955"]
[PlyCount "132"]
[EventDate "2012.07.29"]
[EventType "swiss"]
[EventRounds "9"]
[EventCountry "CZE"]
[SourceTitle "EXT 2013"]
[Source "ChessBase"]
[SourceDate "2012.11.22"]
[SourceVersion "1"]
[SourceVersionDate "2012.11.22"]
[SourceQuality "1"]

1. Nf3 Nf6 2. g3 b6 3. Bg2 Bb7 4. 0-0 e6 5. c3 Be7 6. d4 0-0 7. Nbd2 c5 8. Re1 cxd4 9. cxd4 d5 10. b3 Nbd7 11. Bb2 Rc8 12. Rc1 Rxc1 13. Qxc1 Qb8 14. Qb1 Rc8 15. Rc1 Rc7 16. h3 Qc8 17. Ne5 Rxc1+ 18. Bxc1 Qc3 19. Qb2 Qxb2 20. Bxb2 Bb4 21. Nxd7 Nxd7 22. Nf3 Kf8 23. a3 Bd6 24. Nd2 Nf6 25. f4 Ke7 26. Kf2 h5 27. e3 Kd8 28. Bf1 Ne4+ 29. Nxe4 dxe4 30. Be2 g6 31. g4 hxg4 32. hxg4 Bd5 33. Bd1 a5 34. Ke1 Kd7 35. Kd2 Kc6 36. Kc2 Be7 37. Be2 Kc7 38. Bb5 Bc6 39. Bc4 Bd5 40. Bf1 Kd7 41. Kc3 Kc6 42. a4 Bb4+ 43. Kc2 Kd7 44. Bc3 Be7 45. Bd2 Bb4 46. Bb5+ Bc6 47. Bc4 Bd5 48. Kd1 f5 49. gxf5 gxf5 50. Bc1 Ke7 51. Bd2 Kf7 52. Be1 Bxe1 53. Kxe1 Kg6 54. Kf2 Kh5 55. Kg3 Kg6 56. Kh4 Kh6 57. Kh3 Kh5 58. Be2+ Kg6 59. Bd1 Kh6 60. Kg3 Kg6 61. Kf2 Kf6 62. Ke1 Ke7 63. Kd2 Kd6 64. Kc3 Kc7 65. Bh5 Kd7 66. b4 Ke7 1/2-1/2

[Event "CZE-chT2D 1011"]
[Site "Czech Republic"]
[Date "2010.11.07"]
[Round "2"]
[White "Milostny, Milos"]
[Black "Sedlacek, Oldrich"]
[Result "1/2-1/2"]
[WhiteElo "2060"]
[BlackElo "2289"]
[PlyCount "144"]
[EventDate "2010.10.17"]
[EventType "team-tourn"]
[EventRounds "11"]
[EventCountry "CZE"]
[SourceTitle "EXT 2012"]
[Source "ChessBase"]
[SourceDate "2011.11.24"]
[SourceVersion "1"]
[SourceVersionDate "2011.11.24"]
[SourceQuality "1"]
[WhiteTeam "Trebic Caissa II"]
[BlackTeam "Trebic Caissa"]
[WhiteTeamCountry "CZE"]
[BlackTeamCountry "CZE"]

1. d4 c5 2. d5 e5 3. e4 d6 4. Bd3 Be7 5. Nc3 a6 6. a4 Bg5 7. Nf3 Bxc1 8. Qxc1 Nf6 9. h3 0-0 10. 0-0 Nh5 11. Qg5 Qxg5 12. Nxg5 Nd7 13. g3 Nhf6 14. Kg2 Rb8 15. Rfe1 Ne8 16. Nf3 f6 17. Nd2 Kf7 18. Reb1 Ke7 19. Nc4 Nc7 20. b3 g6 21. Rf1 b6 22. Rae1 Bb7 23. Re2 Ra8 24. Rfe1 Rfb8 25. f4 Rf8 26. Nb1 Rab8 27. Nbd2 b5 28. Na5 c4 29. bxc4 bxa4 30. Rb1 Ba8 31. Ree1 Nc5 32. Kf3 Kd7 33. Ke3 Rbe8 34. Rf1 Ke7 35. Rb6 Rb8 36. Rfb1 Rxb6 37. Rxb6 Kd7 38. fxe5 fxe5 39. Be2 h5 40. Nb1 Rd8 41. Nc3 Ne8 42. Rb4 Nf6 43. Bd3 Kc7 44. Nxa4 Nxa4 45. Rxa4 Nd7 46. Nb3 Bb7 47. c5 dxc5 48. Bxa6 Nb6 49. Ra5 c4 50. Nc5 Bxd5 51. exd5 Nxd5+ 52. Ke4 Nc3+ 53. Kxe5 Rd5+ 54. Kf6 Kb6 55. Bxc4 Rf5+ 56. Kxg6 Rf3 57. Nb3 Rxg3+ 58. Kxh5 Rxh3+ 59. Kg4 Re3 60. Ra6+ Kb7 61. Re6 Nd1 62. Kf4 Rc3 63. Bd5+ Kc7 64. Nd4 Kd7 65. Rc6 Ra3 66. Nb5 Ra5 67. c4 Nb2 68. Rc7+ Kd8 69. Ra7 Rxa7 70. Nxa7 Kc7 71. Ke4 Kb6 72. Nc6 Nxc4 1/2-1/2

[Event "CZE-chT2D 1011"]
[Site "Czech Republic"]
[Date "2010.10.17"]
[Round "1"]
[White "Donnert, Milan"]
[Black "Milostny, Milos"]
[Result "1-0"]
[WhiteElo "2116"]
[BlackElo "2060"]
[PlyCount "108"]
[EventDate "2010.10.17"]
[EventType "team-tourn"]
[EventRounds "11"]
[EventCountry "CZE"]
[SourceTitle "EXT 2012"]
[Source "ChessBase"]
[SourceDate "2011.11.24"]
[SourceVersion "1"]
[SourceVersionDate "2011.11.24"]
[SourceQuality "1"]
[WhiteTeam "Brno Duras II"]
[BlackTeam "Trebic Caissa II"]
[WhiteTeamCountry "CZE"]
[BlackTeamCountry "CZE"]

1. e4 d6 2. g3 Nf6 3. Bg2 Nbd7 4. d3 g6 5. f4 Bg7 6. Nf3 e5 7. Nc3 c6 8. 0-0 0-0 9. Kh1 b5 10. a3 Bb7 11. fxe5 dxe5 12. Bg5 h6 13. Be3 a5 14. Qd2 Ng4 15. Bg1 b4 16. Na4 Qe7 17. h3 Ngf6 18. Be3 Kh7 19. Qf2 Rfb8 20. Ba7 Rc8 21. Nc5 Rc7 22. axb4 axb4 23. Nd2 Kg8 24. Nc4 Bf8 25. Nxd7 Nxd7 26. Be3 c5 27. Rxa8 Bxa8 28. b3 Ra7 29. h4 Bc6 30. h5 Ra2 31. hxg6 fxg6 32. Bh3 Ra8 33. Kg2 Bb5 34. Bxd7 Bxd7 35. Bxc5 Qxc5 36. Qf7+ Kh8 37. Qxd7 Bg7 38. Qd5 Qxd5 39. exd5 Kg8 40. Rf2 Rd8 41. d6 Rd7 42. Re2 Kf7 43. Kf3 h5 44. g4 hxg4+ 45. Kxg4 Bf6 46. Re4 Rd8 47. Ne3 Rxd6 48. Rxb4 Ke6 49. Kf3 Rd4 50. Ra4 Rxa4 51. bxa4 Kd6 52. Ke4 Kc5 53. Ng4 Bd8 54. Nxe5 g5 1-0

[Event "CZE-chT2D 0910"]
[Site "Czech Republic"]
[Date "2010.02.28"]
[Round "8.6"]
[White "Komarek, David"]
[Black "Milostny, Milos"]
[Result "1/2-1/2"]
[WhiteElo "2152"]
[BlackElo "2078"]
[PlyCount "27"]
[EventDate "2009.10.18"]
[EventType "team-tourn"]
[EventRounds "11"]
[EventCountry "CZE"]
[SourceTitle "EXT 2012"]
[Source "ChessBase"]
[SourceDate "2011.11.24"]
[SourceVersion "1"]
[SourceVersionDate "2011.11.24"]
[SourceQuality "1"]
[WhiteTeam "Polabiny II"]
[BlackTeam "Trebic Caissa II"]
[WhiteTeamCountry "CZE"]
[BlackTeamCountry "CZE"]

1. d4 d5 2. Nf3 Nf6 3. Bf4 Bf5 4. e3 e6 5. Be2 h6 6. 0-0 Be7 7. c4 0-0 8. Nc3 c6 9. c5 Nbd7 10. Rc1 Ne4 11. Nxe4 Bxe4 12. Ne5 Nxe5 13. Bxe5 Bf6 14. Bg3 1/2-1/2

[Event "CZE-chT2D 0910"]
[Site "Czech Republic"]
[Date "2009.10.18"]
[Round "1.6"]
[White "Jelinek, Milan"]
[Black "Milostny, Milos"]
[Result "1/2-1/2"]
[WhiteElo "2087"]
[BlackElo "2078"]
[PlyCount "79"]
[EventDate "2009.10.18"]
[EventType "team-tourn"]
[EventRounds "11"]
[EventCountry "CZE"]
[SourceTitle "EXT 2012"]
[Source "ChessBase"]
[SourceDate "2011.11.24"]
[SourceVersion "1"]
[SourceVersionDate "2011.11.24"]
[SourceQuality "1"]
[WhiteTeam "Zajecice"]
[BlackTeam "Trebic Caissa II"]
[WhiteTeamCountry "CZE"]
[BlackTeamCountry "CZE"]

1. e4 e5 2. Nf3 Nc6 3. Bb5 a6 4. Bxc6 dxc6 5. 0-0 f6 6. d4 exd4 7. Nxd4 c5 8. Nb3 Qxd1 9. Rxd1 Bd6 10. Nc3 Ne7 11. Na5 b5 12. Be3 c4 13. Nd5 Nxd5 14. exd5 Bf5 15. c3 Kd7 16. Nc6 Rhe8 17. Nd4 Re5 18. Nxf5 Rxf5 19. a4 Rb8 20. axb5 axb5 21. h3 h5 22. Kf1 Re5 23. Rd2 Re4 24. Rd4 Rxd4 25. Bxd4 b4 26. Ra4 bxc3 27. Bxc3 Rb5 28. Rxc4 Rxd5 29. Ke2 Be5 30. Bxe5 Rxe5+ 31. Kd3 c5 32. Ra4 Rg5 33. g3 Rd5+ 34. Ke3 Ke6 35. Ra7 g6 36. Ra5 Kf5 37. Ra6 g5 38. Ra8 Re5+ 39. Kd3 Rd5+ 40. Ke3 1/2-1/2